Les 10 états les plus petits des USA - Statistiques

Statistiques générales
  • Ce quiz a été pris 304 fois
  • Le résultat moyen est 8 sur 10
Statistiques - réponses
Place Superficie (en km2) Réponse % Correct
1 4002 Rhode Island
89%
4 22 588 New Jersey
86%
6 24 901 Vermont
83%
3 14 357 Connecticut
81%
5 24 216 New Hampshire
81%
8 28 311 Hawai
80%
2 6447 Delaware
79%
7 27 336 Massachusetts
73%
9 32 133 Maryland
71%
10 62 755 Virginie-Occidentale
46%
Aucun quiz correspondant
Distribution des résultats
% des personnes avec chaque résultat
Percentile par nombre de réponses
Votre historique - résultats
Vous n’avez pas pris ce quiz